000 00622cam a2200193 4500500
005 20260329010132.0
041 _afre
042 _adc
100 1 0 _aOrtoli, Sven
_eauthor
245 0 0 _aÀ la rencontre de Sempé et du merveilleusement banal
260 _c2022.
500 _a42
690 _abanalité
690 _aHasard
690 _aQuotidien
690 _aSempé
786 0 _nPhilosophie magazine - Hors séries | Hors-série Autome-Hiver 2022 | HS55 | 2022-10-01 | p. 5-5 | 2104-9246
856 4 1 _uhttps://shs.cairn.info/magazine-philosophie-magazine-2022-hs55-page-5?lang=fr&redirect-ssocas=7080
999 _c1849759
_d1849759